01242cam a22002177a 4500020001800000020001500018040000800033082002600041245005100067260007600118300006200194490003500256520051600291650003100807700002700838700001900865710006100884856005500945942000701000999001701007 a9789251060308 a9251060304 cANS00a338 FOO 2008 A078 Or.00aCapture-based aquaculture :bglobal overview / aRome :bFood and Agriculture Organization of the United Nations,c2008. ax, 298 p. :bill. (some col.), maps (some col.) ;c30 cm.1 aFAO fisheries technical paper,3 aCapture-based aquaculture makes use of wild fish and fishery resources in its production systems. Focusing on this subject, this document addresses selected key issues of sustainability in relation to current global aquaculture practices and developments. It includes two review papers on the use of wild resources, one covering social and economic aspects and the other on environmental and biodiversity issues, as well as ten papers on selected marine and freshwater species used in capture-based aquaculture. 0aCapture-based aquaculture.1 aLovatelli, Alessandro.1 aHolthus, P. F.2 aFood and Agriculture Organization of the United Nations.11uftp://ftp.fao.org/docrep/fao/011/i0254e/i0254e.pdf cEK c15720d15720